Sports Quiz

Random Sports Quiz

Can you name the TNA pay-per-view matches in 2010 Quiz Stats

Quiz not verified by Sporcle

Challenge
Share
Tweet
Embed
Score 0/287 Timer 20:00
0 Plays Today
PPV Wrestler % Correct
Genesis 2010AJ Styles
100%
Against All Odds 2010AJ Styles
100%
Destination X 2010AJ Styles
100%
Lockdown 2010 (All Matches inside Steel Cage)AJ Styles
100%
Sacrifice 2010AJ Styles
100%
Victory Road 2010AJ Styles
100%
No Surrender 2010AJ Styles
100%
Bound for Glory 2010AJ Styles
100%
Turning Point 2010AJ Styles
100%
Final Resolution 2010AJ Styles
100%
Genesis 2010Robert Roode
98.6%
Genesis 2010James Storm
98.6%
Destination X 2010Robert Roode
98.6%
Destination X 2010James Storm
98.6%
Lockdown 2010 (All Matches inside Steel Cage)Jeff Hardy
98.6%
Lockdown 2010 (All Matches inside Steel Cage)Robert Roode
98.6%
Lockdown 2010 (All Matches inside Steel Cage)James Storm
98.6%
Sacrifice 2010Robert Roode
98.6%
Sacrifice 2010James Storm
98.6%
Sacrifice 2010Jeff Hardy
98.6%
Slammiversary 2010Jeff Hardy
98.6%
Slammiversary 2010Robert Roode
98.6%
Slammiversary 2010James Storm
98.6%
Victory Road 2010Robert Roode
98.6%
Victory Road 2010James Storm
98.6%
Victory Road 2010Jeff Hardy
98.6%
No Surrender 2010Jeff Hardy
98.6%
Bound for Glory 2010James Storm
98.6%
Bound for Glory 2010Robert Roode
98.6%
Bound for Glory 2010Jeff Hardy
98.6%
Turning Point 2010Robert Roode
98.6%
Turning Point 2010James Storm
98.6%
Turning Point 2010Jeff Hardy
98.6%
Final Resolution 2010Robert Roode
98.6%
Final Resolution 2010James Storm
98.6%
Final Resolution 2010Jeff Hardy
98.6%
Genesis 2010Christopher Daniels
97.2%
Against All Odds 2010Samoa Joe
97.2%
Destination X 2010Christopher Daniels
97.2%
Lockdown 2010 (All Matches inside Steel Cage)Sting
97.2%
Sacrifice 2010Sting
97.2%
Slammiversary 2010Sting
97.2%
Victory Road 2010Samoa Joe
97.2%
No Surrender 2010Samoa Joe
97.2%
No Surrender 2010Sting
97.2%
Bound for Glory 2010Sting
97.2%
Bound for Glory 2010Samoa Joe
97.2%
Turning Point 2010Samoa Joe
97.2%
Final Resolution 2010Samoa Joe
97.2%
Genesis 2010Kurt Angle
95.8%
Against All Odds 2010Kurt Angle
95.8%
Against All Odds 2010Brother Ray
95.8%
Destination X 2010Kurt Angle
95.8%
Lockdown 2010 (All Matches inside Steel Cage)James Storm
95.8%
Lockdown 2010 (All Matches inside Steel Cage)Brother Ray
95.8%
Lockdown 2010 (All Matches inside Steel Cage)Kurt Angle
95.8%
Sacrifice 2010Brother Ray
95.8%
Slammiversary 2010Kurt Angle
95.8%
Victory Road 2010Kurt Angle
95.8%
Hard(Core) Justice 2010Brother Ray
95.8%
No Surrender 2010Kurt Angle
95.8%
Bound for Glory 2010Kurt Angle
95.8%
Turning Point 2010Brother Ray
95.8%
Genesis 2010Mr Anderson
94.4%
Genesis 2010Abyss
94.4%
Against All Odds 2010Mr Anderson
94.4%
Against All Odds 2010Abyss
94.4%
Against All Odds 2010Brother Devon
94.4%
Against All Odds 2010Mr Anderson
94.4%
Against All Odds 2010Abyss
94.4%
Against All Odds 2010Mr Anderson
94.4%
Destination X 2010Mr Anderson
94.4%
Destination X 2010Abyss
94.4%
Lockdown 2010 (All Matches inside Steel Cage)Brother Devon
94.4%
Lockdown 2010 (All Matches inside Steel Cage)Mr Anderson
94.4%
Lockdown 2010 (All Matches inside Steel Cage)Abyss
94.4%
Sacrifice 2010Brother Devon
94.4%
Sacrifice 2010Abyss
94.4%
Sacrifice 2010Mr Anderson
94.4%
Slammiversary 2010Abyss
94.4%
Slammiversary 2010Mr Anderson
94.4%
Victory Road 2010Mr Anderson
94.4%
Victory Road 2010Abyss
94.4%
Hard(Core) Justice 2010Brother Devon
94.4%
No Surrender 2010Abyss
94.4%
No Surrender 2010Mr Anderson
94.4%
Bound for Glory 2010Abyss
94.4%
Bound for Glory 2010Mr Anderson
94.4%
Turning Point 2010Brother Devon
94.4%
Turning Point 2010Abyss
94.4%
Final Resolution 2010Abyss
94.4%
Destination X 2010Chris Sabin
93%
Destination X 2010Alex Shelley
93%
Lockdown 2010 (All Matches inside Steel Cage)Rob Van Dam
93%
Lockdown 2010 (All Matches inside Steel Cage)Rob Van Dam
93%
Sacrifice 2010Chris Sabin
93%
PPV Wrestler % Correct
Sacrifice 2010Alex Shelley
93%
Sacrifice 2010Rob Van Dam
93%
Slammiversary 2010Brother Ray
93%
Slammiversary 2010Rob Van Dam
93%
Victory Road 2010Brother Ray
93%
Victory Road 2010Chris Sabin
93%
Victory Road 2010Alex Shelley
93%
Victory Road 2010Rob Van Dam
93%
Hard(Core) Justice 2010Rob Van Dam
93%
No Surrender 2010Chris Sabin
93%
No Surrender 2010Alex Shelley
93%
Bound for Glory 2010Chris Sabin
93%
Bound for Glory 2010Alex Shelley
93%
Bound for Glory 2010Rob Van Dam
93%
Turning Point 2010Chris Sabin
93%
Turning Point 2010Alex Shelley
93%
Turning Point 2010Rob Van Dam
93%
Final Resolution 2010Rob Van Dam
93%
Final Resolution 2010Chris Sabin
93%
Final Resolution 2010Alex Shelley
93%
Genesis 2010Hernandez
91.5%
Against All Odds 2010Hernandez
91.5%
Destination X 2010Kazarian
91.5%
Destination X 2010Hernandez
91.5%
Lockdown 2010 (All Matches inside Steel Cage)Kazarian
91.5%
Sacrifice 2010Kazarian
91.5%
Slammiversary 2010Kazarian
91.5%
Slammiversary 2010Hernandez
91.5%
Victory Road 2010Kazarian
91.5%
Victory Road 2010Hernandez
91.5%
Bound for Glory 2010Kazarian
91.5%
Turning Point 2010Kazarian
91.5%
Genesis 2010Kevin Nash
90.1%
Destination X 2010Kevin Nash
90.1%
Lockdown 2010 (All Matches inside Steel Cage)Alex Shelley
90.1%
Lockdown 2010 (All Matches inside Steel Cage)Chris Sabin
90.1%
Lockdown 2010 (All Matches inside Steel Cage)Kevin Nash
90.1%
Lockdown 2010 (All Matches inside Steel Cage)Kevin Nash
90.1%
Sacrifice 2010Kevin Nash
90.1%
Victory Road 2010Brother Devon
90.1%
No Surrender 2010Kevin Nash
90.1%
Bound for Glory 2010Kevin Nash
90.1%
Genesis 2010Matt Morgan
88.7%
Against All Odds 2010Matt Morgan
88.7%
Against All Odds 2010Matt Morgan
88.7%
Destination X 2010Matt Morgan
88.7%
Slammiversary 2010Matt Morgan
88.7%
Victory Road 2010Matt Morgan
88.7%
Hard(Core) Justice 2010CW Anderson
88.7%
Bound for Glory 2010Matt Morgan
88.7%
Turning Point 2010Matt Morgan
88.7%
Final Resolution 2010Matt Morgan
88.7%
Genesis 2010Doug Williams
87.3%
Genesis 2010Brutus Magnus
87.3%
Destination X 2010Doug Williams
87.3%
Sacrifice 2010Doug Williams
87.3%
Slammiversary 2010Doug Williams
87.3%
Victory Road 2010Doug Williams
87.3%
Genesis 2010Tara
85.9%
Destination X 2010Tara
85.9%
Destination X 2010Magnus
85.9%
Destination X 2010Eric Young
85.9%
Lockdown 2010 (All Matches inside Steel Cage)Eric Young
85.9%
Lockdown 2010 (All Matches inside Steel Cage)Tara
85.9%
Sacrifice 2010Tara
85.9%
Victory Road 2010Jay Lethal
85.9%
Victory Road 2010Ric Flair
85.9%
No Surrender 2010Douglas Williams
85.9%
Bound for Glory 2010Tara
85.9%
Bound for Glory 2010Eric Young
85.9%
Bound for Glory 2010Jay Lethal
85.9%
Bound for Glory 2010Douglas Williams
85.9%
Turning Point 2010Jay Lethal
85.9%
Turning Point 2010Tara
85.9%
Turning Point 2010Douglas Williams
85.9%
Final Resolution 2010Tara
85.9%
Final Resolution 2010Jay Lethal
85.9%
Final Resolution 2010Douglas Williams
85.9%
Lockdown 2010 (All Matches inside Steel Cage)Velvet Sky
84.5%
Lockdown 2010 (All Matches inside Steel Cage)Angelina Love
84.5%
Victory Road 2010Angelina Love
84.5%
No Surrender 2010Velvet Sky
84.5%
Bound for Glory 2010Angelina Love
84.5%
Bound for Glory 2010Velvet Sky
84.5%
Genesis 2010D'Angelo Dinero
83.1%
Against All Odds 2010D'Angelo Dinero
83.1%
Against All Odds 2010D'Angelo Dinero
83.1%
Against All Odds 2010D'Angelo Dinero
83.1%
Destination X 2010Rob Terry
83.1%
Lockdown 2010 (All Matches inside Steel Cage)Homicide
83.1%
Lockdown 2010 (All Matches inside Steel Cage)Homicide
83.1%
Lockdown 2010 (All Matches inside Steel Cage)D'Angelo Dinero
83.1%
Sacrifice 2010Rob Terry
83.1%
Victory Road 2010Rob Terry
83.1%
Victory Road 2010D'Angelo Dinero
83.1%
Hard(Core) Justice 2010Tommy Dreamer
83.1%
PPV Wrestler % Correct
No Surrender 2010Tommy Dreamer
83.1%
No Surrender 2010D'Angelo Dinero
83.1%
Bound for Glory 2010D'Angelo Dinero
83.1%
Bound for Glory 2010Tommy Dreamer
83.1%
Turning Point 2010Tommy Dreamer
83.1%
Turning Point 2010D'Angelo Dinero
83.1%
Final Resolution 2010D'Angelo Dinero
83.1%
Lockdown 2010 (All Matches inside Steel Cage)Jeff Jarrett
81.7%
Sacrifice 2010Jeff Jarrett
81.7%
No Surrender 2010Jeff Jarrett
81.7%
Bound for Glory 2010Jeff Jarrett
81.7%
Turning Point 2010Mickie James
81.7%
Turning Point 2010Jeff Jarrett
81.7%
Final Resolution 2010Mickie James
81.7%
Final Resolution 2010Jeff Jarrett
81.7%
Destination X 2010Scott Hall
78.9%
Lockdown 2010 (All Matches inside Steel Cage)Scott Hall
78.9%
Sacrifice 2010Scott Hall
78.9%
Hard(Core) Justice 2010Raven
78.9%
Bound for Glory 2010Raven
78.9%
Turning Point 2010Raven
78.9%
Genesis 2010The Amazing Red
77.5%
Genesis 2010ODB
77.5%
Destination X 2010The Amazing Red
77.5%
Hard(Core) Justice 2010Rhino
77.5%
Hard(Core) Justice 2010Sabu
77.5%
No Surrender 2010Sabu
77.5%
No Surrender 2010Rhino
77.5%
Bound for Glory 2010Rhino
77.5%
Bound for Glory 2010Sabu
77.5%
Turning Point 2010Rhino
77.5%
Turning Point 2010Sabu
77.5%
Final Resolution 2010Rhino
77.5%
Hard(Core) Justice 2010Stevie Richards
74.6%
Bound for Glory 2010Stevie Richards
74.6%
Turning Point 2010Stevie Richards
74.6%
Genesis 2010Desmond Wolfe
73.2%
Against All Odds 2010Desmond Wolfe
73.2%
Lockdown 2010 (All Matches inside Steel Cage)Madison Rayne
73.2%
Lockdown 2010 (All Matches inside Steel Cage)Desmond Wolfe
73.2%
Sacrifice 2010Madison Rayne
73.2%
Sacrifice 2010Desmond Wolfe
73.2%
Slammiversary 2010Madison Rayne
73.2%
Slammiversary 2010Desmond Wolfe
73.2%
Victory Road 2010Madison Rayne
73.2%
No Surrender 2010Madison Rayne
73.2%
Bound for Glory 2010Madison Rayne
73.2%
Against All Odds 2010Mick Foley
69%
Genesis 2010Brian Kendrick
67.6%
Destination X 2010Brian Kendrick
67.6%
Lockdown 2010 (All Matches inside Steel Cage)Brian Kendrick
67.6%
Slammiversary 2010Brian Kendrick
67.6%
Victory Road 2010Brian Kendrick
67.6%
Turning Point 2010Brian Kendrick
67.6%
Destination X 2010Shannon Moore
66.2%
Lockdown 2010 (All Matches inside Steel Cage)Shannon Moore
66.2%
Sacrifice 2010Shannon Moore
66.2%
Bound for Glory 2010Shannon Moore
66.2%
Turning Point 2010Robbie E
66.2%
Final Resolution 2010Shannon Moore
66.2%
Final Resolution 2010Robbie E
66.2%
Destination X 2010Max Buck
64.8%
Destination X 2010Jeremy Buck
64.8%
No Surrender 2010Max Buck
64.8%
No Surrender 2010Jeremy Buck
64.8%
Bound for Glory 2010Max Buck
64.8%
Bound for Glory 2010Jeremy Buck
64.8%
Final Resolution 2010Max Buck
64.8%
Final Resolution 2010Jeremy Buck
64.8%
Genesis 2010Sean Morley
60.6%
Sacrifice 2010Jesse Neal
60.6%
Bound for Glory 2010Jesse Neal
60.6%
Final Resolution 2010Jesse Neal
60.6%
Slammiversary 2010Jesse Neal
59.2%
Victory Road 2010Jesse Neal
59.2%
Sacrifice 2010Orlando Jordan
57.7%
Bound for Glory 2010Orlando Jordan
57.7%
Hard(Core) Justice 2010Brother Runt
54.9%
Against All Odds 2010Jerry Sags
53.5%
Against All Odds 2010Brian Knobbs
52.1%
Slammiversary 2010Roxxi Laveaux
50.7%
Hard(Core) Justice 2010Guido Maritato
50.7%
Hard(Core) Justice 2010Kid Kash
49.3%
Hard(Core) Justice 2010Kahoneys
49.3%
Genesis 2010Syxx-Pac
47.9%
Destination X 2010Syxx-Pac
47.9%
Hard(Core) Justice 2010Tracy Smothers
47.9%
Hard(Core) Justice 2010Tony Luke
47.9%
Hard(Core) Justice 2010Al Snow
40.8%
Hard(Core) Justice 2010Axl Rotten
39.4%
Hard(Core) Justice 2010Simon Diamond
36.6%
Destination X 2010Daffney
33.8%
Hard(Core) Justice 2010PJ Polaco
31%
Hard(Core) Justice 2010Johnny Swinger
29.6%
Hard(Core) Justice 20102 Cold Scorpiot
5.6%

You're not logged in!

Compare scores with friends on all Sporcle quizzes.
Sign Up with Email
OR
Log In

You Might Also Like...

Show Comments

Extras

Top Quizzes Today


Score Distribution

Your Account Isn't Verified!

In order to create a playlist on Sporcle, you need to verify the email address you used during registration. Go to your Sporcle Settings to finish the process.